| 000 | 00470nam a2200157 i 4500 | ||
|---|---|---|---|
| 001 | 150646 | ||
| 003 | ES-MaACL | ||
| 005 | 20230906203621.0 | ||
| 007 | t| | ||
| 008 | 071031s1963 sp ||||1| spa d | ||
| 100 | 1 |
_aValensin, Auguste. _9112586 |
|
| 245 | 1 | 0 |
_aImágenes de Descartes / _cAuguste Valensin ; traducción y prólogo del P. Francisco Pérez. |
| 260 |
_aMadrid : _bTaurus, _c[1963] |
||
| 300 |
_a51 p. ; _c19 cm. |
||
| 852 |
_aES-MaACL _j2030-F-14 _bR.52938 |
||
| 999 |
_c150646 _d150646 |
||